El pequeño Mozart y el anillo mágico / (Record no. 129720)

MARC details
000 -CABECERA
campo de control de longitud fija 00677nam a2200193 u 4500
005 - FECHA Y HORA DE LA ÚLTIMA TRANSACCIÓN
campo de control 20210223130535.0
008 - ELEMENTOS DE LONGITUD FIJA--INFORMACIÓN GENERAL
campo de control de longitud fija 080625s2006 es r 000 0 spa d
020 ## - NÚMERO INTERNACIONAL NORMALIZADO PARA LIBROS
Número Internacional Estándar del Libro 8493316199
035 ## - NÚMERO DE CONTROL DEL SISTEMA
Número de control de sistema UPN01000157606
049 ## - COLECCIÓN
Colección I
050 #4 - SIGNATURA TOPOGRÁFICA DE LA BIBLIOTECA DEL CONGRESO
Número de clasificación ML410 M6.8
Número de documento/Ítem O2.6
100 1# - ASIENTO PRINCIPAL--NOMBRE PERSONAL
Nombre de persona Obiols, Anna,
Fechas asociadas al nombre 1975-
9 (RLIN) 36176
245 13 - MENCIÓN DE TÍTULO
Título El pequeño Mozart y el anillo mágico /
Mención de responsabilidad, etc. Anna Obiols ; il. de Subi ; tr. Mariana Orozco.
260 ## - PUBLICACIÓN, DISTRIBUCIÓN, ETC.
Lugar de publicación, distribución, etc. Madrid :
Nombre del editor, distribuidor, etc. Bellaterra Música,
Fecha de publicación, distribución, etc. 2006.
300 ## - DESCRIPCIÓN FÍSICA
Extensión 24 p. +
Material acompañante/anejo 1 disco compacto (Música) ; 4 3/4 plg.
440 #4 - MENCIÓN DE SERIE/ASIENTO SECUNDARIO--TÍTULO
Título Los grandes compositores y los niños
600 14 - ASIENTO SECUNDARIO DE MATERIA - NOMBRE PERSONAL
Nombre de persona MOZART, WOLFGANG AMADEUS,
Fechas asociadas al nombre 1756-1791 -
Subdivisión de forma LITERATURA JUVENIL
9 (RLIN) 17923
905 ## - TIPO DE MATERIAL
Tipo de material Infantil
Holdings
Estado de retiro Estado de pérdida Fuente del sistema de clasificación o colocación Estado dañado No para préstamo Código de colección Localización permanente Ubicación/localización actual Ubicación en estantería Fecha de adquisición Total de préstamos Clasificación Código de barras Fecha visto por última vez Número de copia Tipo de ítem Koha Precio válido a partir de Nota pública
    Library of Congress Classification     Infantil Bib. Gregorio Torres Quintero Bib. Gregorio Torres Quintero Sala infantil Planta baja 11/05/2023 6 ML410 M6.8 O2.6 259382 31/12/2020 1 Libro    
    Library of Congress Classification     Materiales complementarios y otros recursos electrónicos  Bib. Gregorio Torres Quintero Bib. Gregorio Torres Quintero Mostrador de préstamo Planta baja 24/09/2024   ML410 M6.8 O2.6 340113 24/09/2024   Disco Compacto 24/09/2024 Solicítalo en el mostrador de préstamo